000 00435nam a2200169 a 4500
005 20140310183321.0
008 060306s19uu xx 00 eng d
020 _a0671872958
050 _aPS 3566
_b.R632 1998
100 _aRobbins, Harold
245 _aTycoon /
_cHarold Robbins.
260 _aNew York :
_bSimon & Schuster Inc,
_c1998.
300 _a426 p. :
_c18 cm.
650 _aFiction
942 _cBK
_2lcc
999 _c21397
_d21397